00585cam a22002057a 4500003000500000005001700005008004100022010001000063011001000073035001000083040000900093100002000102245008700122500005300209650003400262650002500296650002300321700001700344700001800361CHAP20220329134919.0971013s r 00010 d a27993 a28965 a33076 cCHAP00aMcDonald, R. C. 0aAnimal production on crops versus pasture in the autum. II. Finishing beef weaners aSobretiro de: Pm. Agron. Soc. N.Z. 7:21-25, 197714aGanado lanarxAlimentación.14aMaíz como forraje.14aPastos forrajeros.0 aDavid, G. H.0 aWilson, K. R.